000 00785nam a22002537a 4500
003 dpl
005 20180809131644.0
008 180809b xxu||||| |||| 00| 0 eng d
010 _aB-091408
020 _c495.00
_a9788176484619
035 _aB-091408, B-091412
037 _bCen Lib/Ret
040 _aDPL
_bEN
_c0
082 _a305.89143
100 _aChitkara, M. G.
_92223
245 _aHindutva privar /
_cby M. G. Chitkara
260 _aDelhi
_bA. P. H. Publishing
_c1999
270 _a5, Ansari Road, Darya Ganj
_bNew Delhi
_e110002
300 _axviii,259p.
_c22cm(Hb)
500 _aIncludes bibliographical references and index
650 _aPolitical Science
_9138782
650 _aHiduism and Secularism
_92225
942 _2ddc
_cEN
_h305.89143
_mCHI
999 _c122776
_d122776